| 000 | 00621nam a2200181 i 4500 | ||
|---|---|---|---|
| 001 | 87572 | ||
| 003 | ES-MaACL | ||
| 005 | 20230906175709.0 | ||
| 007 | t| | ||
| 008 | 041222s1969 sp ||||1| spa d | ||
| 100 | 1 |
_aLabat, Francois. _969223 |
|
| 245 | 1 | 0 |
_aManual de astrología / _cFrancois Labat ; con una introducción histórica de Hugo Lindenberg ; [traducción, María Gracia Espadaler]. |
| 260 |
_aBarcelona : _bCírculo de Lectores, _c[1969] |
||
| 300 |
_a205 p. : _bil. ; _c20 cm. |
||
| 700 | 1 |
_aLindenberg, Hugo. _972392 |
|
| 700 | 1 |
_aGracia Espadaler, María. _959468 |
|
| 852 |
_aES-MaACL _jC-35971 _bR.69017 |
||
| 999 |
_c87572 _d87572 |
||